00326nam a2200097Ia 4500008004100000040004400041100002400085245006100109260004900170300000900219180412s9999||||xx |||||||||||||| ||und|| aAhmadu Bello University Library - Zaria aBadawi, Abdurrahman 0aHistoiire de la phylosophie en IslamcAbdurrahman Badawi aParisbLibraire phylosophique J. Vrin,c1972 aVols